MIAMI VICE - DEUX FLICS À MIAMI - Statistiques

Statistiques générales
  • Ce quiz a été pris 54 fois
  • Le résultat moyen est 12 sur 15
Statistiques - réponses
Question Réponse % Correct
QUE POSSÈDE L'UN DES FLIC CHEZ LUI? ALIGATOR
100%
QUEL ACTEURS N'EST JAMAIS APPARU DANS LA SÉRIES ? HARRISON FORD
100%
QUI ÉTAIENT LES DEUX FLICS DE MIAMI? JAMES CROCKETT & RICARDO TUBBS
100%
QUI FUT LE COMPOSITEUR ATTITRÉ PENDANT 4 SAISONS JAN HAMMER
100%
OÙ HABITE UN DES FLIC? LA MARINA DANS UN BATEAU
100%
COMBIEN D’ÉPISODES ONT-ILS ÉTÉ TOURNÉE ? 111 EPISODES
80%
QUI ÉTAIT LE CRÉATEUR DE LA SÉRIE DEUX FLICS A MIAMI ? ANTHONY YERKOVICH
80%
QUELLE EST LA PROFESSION DE LA FEMME DU FLIC QUI SE MARIE? CHANTEUSE VEDETTE
80%
QUI ETAIT DEVENU UN INFORMATEUR POUR LES DEUX FLICS "? IZZY MORENO
80%
OÙ A LIEU LA PREMIERE SCÈNE DE L’ÉPISODE PILOTE DE LA SÉRIE? NEW YORK
80%
DANS QUEL ÉPISODE LES DEUX FLICS SE RENDENT-ILS EN COLOMBIE POUR TRAITER UNE TRANSACTION? SMUGGLER BLUES
80%
DANS QUELLE SAISON UN DES FLICS SE MARIE? SAISON 4
60%
QUELLE EST LA MUSIQUE QU'ON ENTEND EN PREMIER DANS L’ÉPISODE PILOTE DE LA SÉRIE ? THE ROLLING STONES - MISS YOU
60%
QUEL EST LE SPORT PRATIQUÉ DANS L’ÉPISODE 3 '' KILLSHOT'' SAISON 3? JAI ALAI
40%
QUEL EST LE TITRE DU DERNIER ÉPISODE DE LA SAISON 2? SONS AND LOVERS
40%
Aucun quiz correspondant
Distribution des résultats
% des personnes avec chaque résultat
Percentile par nombre de réponses
Votre historique - résultats
Vous n’avez pas pris ce quiz